[Event "Sverdlovsk"]
[Site "Sverdlovsk"]
[Date "1989.??.??"]
[Round "?"]
[White "Zhidkov, Valery S"]
[Black "Dautov, Rustem"]
[Result "1/2-1/2"]
[WhiteElo "2460"]
[BlackElo "2535"]

1.d4 Nf6 2.Nf3 e6 3.c4 b6 4.g3 Ba6 5.Nbd2 c5 6.Bg2 Nc6 7.dxc5 bxc5 8.O-O Qc7
9.b3 Be7 10.Bb2 O-O 11.Re1 Rad8 12.Rc1 d6 13.Qc2 Nd7 14.Ne4 d5 15.cxd5 exd5
16.Neg5 g6 17.h4 Nde5 18.Nxe5 Nxe5 19.Bd4 c4 20.bxc4 dxc4 21.Bc3 Nd7 22.Rb1 Nb6
23.Red1 Bc8 24.Rb5 Rxd1+ 25.Qxd1 Rd8 26.Qc1 Bb7 27.Ne4 Bxe4 28.Bxe4 Qd6  1/2-1/2

[Event "SWE-ch"]
[Site "?"]
[Date "1989.??.??"]
[Round "?"]
[White "Renman, Nils Gustaf"]
[Black "Ornstein, Axel"]
[Result "1-0"]
[WhiteElo "2410"]
[BlackElo "2460"]

1.d4 Nf6 2.Nf3 e6 3.c4 b6 4.g3 Ba6 5.b3 c6 6.Bg2 d5 7.O-O Be7 8.Nbd2 O-O
9.Qc2 b5 10.c5 b4 11.Re1 Nbd7 12.e4 dxe4 13.Nxe4 Nxe4 14.Qxe4 Bb5 15.Qc2 Nf6
16.Bg5 a5 17.Rad1 Nd5 18.h4 Nc3 19.Bxe7 Qxe7 20.Ng5 g6 21.a4 Nxd1 22.axb5 Nc3
23.Bxc6 Rac8 24.Ne4 Rxc6 25.bxc6 Nd5 26.Ra1 Qc7 27.Qd3 Ra8 28.Qb5 Ra7 29.h5 gxh5
30.Qe2 Qxc6 31.Qxh5 f6 32.Nd6 a4 33.Rxa4  1-0

[Event "SWE-ch"]
[Site "?"]
[Date "1989.??.??"]
[Round "?"]
[White "Engqvist, Thomas"]
[Black "Schneider, Lars Ake"]
[Result "1/2-1/2"]
[WhiteElo "2305"]
[BlackElo "2460"]

1.d4 Nf6 2.c4 e6 3.Nf3 b6 4.g3 Ba6 5.b3 Bb4+ 6.Bd2 Be7 7.Bg2 d5 8.Ne5 c6
9.Bc3 Nfd7 10.Nxd7 Nxd7 11.Nd2 O-O 12.O-O Rc8 13.e4 b5 14.Re1 dxc4 15.bxc4 bxc4
16.Qa4 Bb5 17.Qc2 Ba3 18.Nxc4 Bxc4 19.Qa4 c5 20.Qxa3 cxd4 21.Bxd4 a6 22.Rac1 e5
23.Be3 Qf6 24.Red1 Bb5 25.Rxc8 Rxc8 26.Bh3 Qf3 27.Qb3 Rc3 28.Qb1 h6 29.Bxd7 Rxe3
30.Bxb5 axb5 31.fxe3 Qxe3+  1/2-1/2

[Event "SWZ-ch int"]
[Site "?"]
[Date "1989.??.??"]
[Round "5"]
[White "Nemet, Ivan"]
[Black "Summermatter, Daniel"]
[Result "1/2-1/2"]
[WhiteElo "2420"]
[BlackElo "2385"]

1.d4 Nf6 2.Nf3 e6 3.c4 b6 4.g3 Ba6 5.Nbd2 Bb7 6.Bg2 c5 7.e4 cxd4 8.Nxd4 a6
9.O-O Qc7 10.Re1 d6 11.b3 Be7 12.Bb2 O-O 13.Rc1 Nbd7 14.Nf1 Rfe8 15.Rc2 Rac8
16.f3 Qb8 17.Bh3 Bf8 18.Ne3 Ba8 19.Bf1 Qb7 20.Rd2  1/2-1/2

[Event "Tallinn-B"]
[Site "Tallinn"]
[Date "1989.??.??"]
[Round "?"]
[White "Vooremaa, Andres"]
[Black "Hermlin, Aarne"]
[Result "1/2-1/2"]
[WhiteElo "2390"]
[BlackElo "2375"]

1.d4 Nf6 2.Nf3 e6 3.c4 b6 4.g3 Ba6 5.b3 Bb4+ 6.Bd2 Be7 7.Bg2 c6 8.O-O d5
9.Ne5 Nfd7 10.Nxd7 Nxd7 11.Bc3 O-O 12.Nd2 Rc8 13.Bb2 c5 14.cxd5 exd5 15.dxc5 Nxc5
16.Re1 Bf6 17.Bxf6 Qxf6  1/2-1/2

[Event "Tallinn-B"]
[Site "Tallinn"]
[Date "1989.??.??"]
[Round "?"]
[White "Vooremaa, Andres"]
[Black "Schandorff, Lars"]
[Result "0-1"]
[WhiteElo "2390"]
[BlackElo "2435"]

1.d4 Nf6 2.c4 e6 3.Nf3 b6 4.g3 Ba6 5.b3 d5 6.Bg2 dxc4 7.Ne5 Bb4+ 8.Bd2 cxb3
9.axb3 Bxd2+ 10.Qxd2 Nd5 11.O-O O-O 12.f4 Bb7 13.e4 Ne7 14.Nc3 Nbc6 15.Nxc6 Bxc6
16.Rad1 Bb7 17.Qe3 Qd7 18.g4 f5 19.d5 exd5 20.exf5 Rae8 21.Qd3 c6 22.Rfe1 g6
23.fxg6 Nxg6 24.f5 Nf4 25.Qf3 Nxg2 26.Qxg2 Rxe1+ 27.Rxe1 Re8 28.Rf1 c5  0-1

[Event "URS-ch U26"]
[Site "Tbilisi"]
[Date "1989.??.??"]
[Round "?"]
[White "Ruban, Vadim"]
[Black "Dautov, Rustem"]
[Result "1-0"]
[WhiteElo "2420"]
[BlackElo "2535"]

1.d4 Nf6 2.c4 e6 3.Nf3 b6 4.g3 Ba6 5.b3 d5 6.Bg2 Bb4+ 7.Bd2 Be7 8.cxd5 exd5
9.O-O O-O 10.Nc3 Bb7 11.Qc2 Na6 12.Rad1 Re8 13.Bf4 Qd7 14.Be5 Rad8 15.a3 Ne4
16.Nxe4 dxe4 17.Nd2 f6 18.Bf4 Bxa3 19.Nxe4 Nb4 20.Qb1 Nd5 21.Bd2 f5 22.Ng5 Rxe2
23.Qd3 Ree8 24.Ra1 Be7 25.Rxa7 Bc6 26.Rc1 Bxg5 27.Bxg5 Ra8 28.Rxa8 Bxa8 29.Bh3 Rf8
30.Re1 Qc6 31.Qc4 Qg6 32.Bd2 Kh8 33.Bg2 Qd6 34.Re5 Nf6 35.Rxf5 Bxg2 36.Kxg2 Qd7
37.Rf3 Re8 38.Bf4 Nd5 39.Be5 c6 40.Qd3 Kg8 41.Qe4 Qe6 42.Rd3 Ra8 43.Rf3 h6
44.h4 Ra7 45.h5 Rf7 46.Rxf7 Kxf7 47.Qh7 Qg4 48.f3 Qg5 49.g4 c5 50.Qe4 Nf6
51.Bxf6 Qxf6 52.Qd5+ Kf8 53.dxc5 Qb2+ 54.Kg3 bxc5 55.Qxc5+ Kg8 56.b4 Qa1
57.Qd5+ Kh8 58.b5 Qg1+ 59.Kf4 Qc1+ 60.Ke5 Qg5+ 61.Ke6 Qf6+ 62.Kd7 Qb2 63.Kc7 Qc3+
64.Kb7 Qb2 65.b6 Qc3 66.Kb8  1-0

[Event "URS-ch U26"]
[Site "Tbilisi"]
[Date "1989.??.??"]
[Round "?"]
[White "Epishin, Vladimir"]
[Black "Dautov, Rustem"]
[Result "0-1"]
[WhiteElo "2465"]
[BlackElo "2535"]

1.d4 Nf6 2.Nf3 e6 3.c4 b6 4.g3 Ba6 5.Nbd2 c5 6.e4 cxd4 7.e5 Ng4 8.h3 Nh6
9.Bg2 Nc6 10.O-O Nf5 11.Re1 Bb4 12.a3 Bxd2 13.Nxd2 O-O 14.b4 Bb7 15.Bb2 f6
16.exf6 Qxf6 17.Ne4 Qe7 18.c5 Rad8 19.Rc1 Ba8 20.Qe2 h6 21.Qa6 Rb8 22.Qe2 b5
23.Rcd1 a6 24.Nd2 Rbe8 25.Be4 Qf6 26.Nf3 e5 27.Nh2 Qf7 28.Qf3 Kh8 29.Rd2 Qe6
30.Qg4 Nce7 31.Bxa8 Rxa8 32.Bxd4 Nxd4 33.Rxd4 Qa2 34.Nf3 exd4 35.Rxe7 Rf7
36.Rxf7 Qxf7 37.Ne5 Qd5 38.Ng6+ Kh7 39.Nf4 Qc6 40.Qf5+ Kg8 41.Qe5 Qf3 42.Qe7 Qc6
43.Qe5 Rf8 44.Qxd4 Re8 45.Qd1 Re4 46.h4 Kf8 47.Kh2 Ke8 48.Qa1 Qf6 49.Qd1 Qd4
50.Qh5+ Kd8 51.Ng2 Qe5 52.Qf7 Kc7 53.Qf8 Re2 54.Qa8  0-1

[Event "Tel Aviv-B"]
[Site "Tel Aviv"]
[Date "1989.??.??"]
[Round "?"]
[White "Kraidman, Yair"]
[Black "Csom, Istvan"]
[Result "1/2-1/2"]
[WhiteElo "2420"]
[BlackElo "2545"]

1.d4 Nf6 2.c4 e6 3.Nf3 b6 4.g3 Ba6 5.Nbd2 Bb7 6.Bg2 c5 7.O-O cxd4 8.Nxd4 Bxg2
9.Kxg2 a6 10.b3 Qc7 11.Bb2 d6 12.e4 Nbd7 13.Qe2 Be7 14.Rfd1 O-O 15.Nf1 Rfe8
16.Rac1 Qb7 17.f3 Rac8 18.Rc2 Bf8 19.Rcd2 h6 20.Ba3 Qa8 21.Ne3 Nc5 22.Ndc2 Rc7
23.Bxc5 Rxc5 24.Ne1 Qb7 25.Nd3 Rc7 26.Nf2 b5 27.Rc2 bxc4 28.Rxc4 Rxc4 29.Qxc4 Rc8
30.Qd3 Rc6 31.Rd2 h5 32.Rc2 d5 33.exd5 Rxc2 34.Qxc2 Nxd5 35.Nxd5  1/2-1/2

[Event "Tel Aviv-B"]
[Site "Tel Aviv"]
[Date "1989.??.??"]
[Round "?"]
[White "Shvidler, Eliahu"]
[Black "Csom, Istvan"]
[Result "1/2-1/2"]
[WhiteElo "2410"]
[BlackElo "2545"]

1.d4 Nf6 2.Nf3 e6 3.c4 b6 4.g3 Ba6 5.Nbd2 Bb7 6.Bg2 c5 7.e4 cxd4 8.Nxd4 d6
9.O-O Nbd7 10.b3 Qc7 11.Bb2 Be7 12.Qe2 O-O 13.Rae1  1/2-1/2

[Event "Tel Aviv-A"]
[Site "Tel Aviv"]
[Date "1989.??.??"]
[Round "6"]
[White "Bruk, Ofer"]
[Black "Lev, Ronen"]
[Result "0-1"]
[WhiteElo "2415"]
[BlackElo "2415"]

1.d4 Nf6 2.Nf3 e6 3.c4 b6 4.g3 Ba6 5.b3 Bb4+ 6.Bd2 Be7 7.Bg2 c6 8.O-O d5
9.Bf4 Nbd7 10.Nbd2 O-O 11.Ne5 Nxe5 12.Bxe5 Ng4 13.Bf4 g5 14.Bh3 h5 15.e4 dxe4
16.Bxg4 hxg4 17.Qxg4 f5 18.Qh5 Qe8 19.Qxe8 Raxe8 20.Be5 c5 21.dxc5 Bxc5 22.Rfd1 Rd8
23.Nf1 Kf7 24.Ne3 Rd3 25.Rxd3 exd3 26.Nd1 Rd8 27.Nb2 Bb7 28.Rd1 d2 29.Bc3 Ba3
30.Rxd2 Rxd2 31.Bxd2 Bxb2 32.Bxg5 Be4 33.b4 Bd4 34.Be3 e5 35.c5 bxc5 36.bxc5 Bf3
37.h4 Ke6  0-1

[Event "Tirnavia"]
[Site "Trnava"]
[Date "1989.??.??"]
[Round "?"]
[White "Plachetka, Jan"]
[Black "Balashov, Yuri S"]
[Result "1-0"]
[WhiteElo "2450"]
[BlackElo "2530"]

1.Nf3 Nf6 2.d4 e6 3.c4 b6 4.g3 Ba6 5.b3 Bb7 6.Bg2 Bb4+ 7.Bd2 a5 8.O-O O-O
9.Bf4 a4 10.bxa4 d5 11.Ne5 Nc6 12.a3 Be7 13.Nc3 Nxe5 14.Bxe5 Ne4 15.Qc2 Nxc3
16.Qxc3 Bd6 17.Bxd6 Qxd6 18.Rfc1 Ra7 19.c5 bxc5 20.Qxc5 Qxc5 21.Rxc5 Rxa4
22.Rxc7 Ba6 23.e3 Ra8 24.Bf3 Bd3 25.Bd1 Rc4 26.Rb7 g6 27.Kg2 Kg7 28.g4 g5
29.a4 Ra5 30.Kg3 h6 31.h4 gxh4+ 32.Kxh4 Bc2 33.Bxc2 Rxc2 34.f4 Rc3 35.f5 exf5
36.Rf1 Rxe3 37.Rxf5 Rxa4 38.Rfxf7+ Kg6 39.Rg7+ Kf6 40.Rgf7+ Kg6 41.Rg7+ Kf6
42.Rh7 Kg6 43.Rbf7  1-0

[Event "Uzes op"]
[Site "Uzes"]
[Date "1989.??.??"]
[Round "2"]
[White "Veysseyre, Didier"]
[Black "Arkell, Keith C"]
[Result "0-1"]
[WhiteElo "1990"]
[BlackElo "2450"]

1.d4 Nf6 2.c4 e6 3.Nf3 b6 4.g3 Ba6 5.Qc2 Bb7 6.Bg2 c5 7.dxc5 Bxc5 8.Nc3 Be7
9.O-O d6 10.Bg5 Nbd7 11.b3 a6 12.Rad1 Qc7 13.e4 b5 14.Nd2 O-O 15.Rde1 bxc4
16.Nxc4 h6 17.Bf4 Ne5 18.Na4 Rac8 19.Nab6 Rcd8 20.Rc1 Nxc4 21.Nxc4 e5 22.Be3 Qb8
23.Nb6 Ng4 24.Nd5 Bxd5 25.exd5 Nxe3 26.fxe3 Rc8 27.Qd3 Rxc1 28.Rxc1 a5 29.e4 Qb6+
30.Kh1 g6 31.Bh3 Kg7 32.Rc8 Rxc8 33.Bxc8 Qf2 34.a4 Bg5 35.Ba6 Be3 36.Qd1 h5
37.Be2 Bc5 38.Bd3 Qe3 39.Qf1 Qg5 40.Qd1 h4 41.gxh4 Qxh4 42.Qf1 Be3 43.Qe2 Bf4
44.Bb5 f5 45.Bd3 Qh3 46.exf5 gxf5 47.Qg2+ Qxg2+ 48.Kxg2 e4 49.Bc4 Kf6 50.h3 Bd2
51.Kf2 f4 52.Ke2 Bc3 53.Bb5 f3+ 54.Ke3 Ke5 55.Bc4 Bd4+ 56.Kd2 e3+  0-1

[Event "Vinkovci"]
[Site "Vinkovci"]
[Date "1989.??.??"]
[Round "?"]
[White "Grivas, Efstratios"]
[Black "Palac, Mladen"]
[Result "1/2-1/2"]
[WhiteElo "2445"]
[BlackElo "2460"]

1.d4 Nf6 2.c4 e6 3.Nf3 b6 4.g3 Ba6 5.Nbd2 Bb7 6.Bg2 Be7 7.O-O O-O 8.b3 d5
9.Bb2 Na6 10.cxd5 Bxd5 11.Ne5 Bxg2 12.Kxg2 c5 13.Ndf3 Qc7 14.Rc1 Qb7  1/2-1/2

[Event "Warsaw op"]
[Site "Warsaw"]
[Date "1989.??.??"]
[Round "?"]
[White "Bany, Jerzy"]
[Black "Dautov, Rustem"]
[Result "0-1"]
[WhiteElo "2440"]
[BlackElo "2535"]

1.d4 Nf6 2.Nf3 e6 3.c4 b6 4.g3 Ba6 5.b3 Bb4+ 6.Bd2 Be7 7.Bg2 d5 8.Ne5 O-O
9.O-O c5 10.dxc5 bxc5 11.Nc3 Bb7 12.cxd5 exd5 13.Rc1 Na6 14.Bg5 Rb8 15.Nd3 Ne4
16.Bf4 Nxc3 17.Rxc3 Rc8 18.Qb1 Qb6 19.Ne5 Rcd8 20.Rcc1 Rfe8 21.Qf5 Qf6 22.Qg4 Bc8
23.Qh5 g5 24.Rfd1 gxf4 25.Bxd5 Be6 26.Be4 fxg3 27.hxg3 h6 28.Nc6 Rxd1+ 29.Rxd1 Bf8
30.Nxa7 Qg5 31.Qf3 Bg4 32.Qd3 Nb4 33.Qc4 Qe7 34.Bd3 Bxe2 35.Bxe2 Qxe2 36.a3 Qxd1+  0-1

[Event "Warsaw op"]
[Site "Warsaw"]
[Date "1989.??.??"]
[Round "?"]
[White "Czerwonski, Aleksander"]
[Black "Szypulski, Andrzej"]
[Result "0-1"]
[WhiteElo "2335"]
[BlackElo "2390"]

1.d4 Nf6 2.c4 e6 3.Nf3 b6 4.g3 Ba6 5.Nbd2 Bb4 6.Qb3 c5 7.Bg2 Nc6 8.dxc5 Bxc5
9.O-O O-O 10.e4 d5 11.Qa4 Qc8 12.exd5 exd5 13.b3 Rb8 14.Bb2 d4 15.b4 b5 16.Qd1 bxc4
17.bxc5 Rxb2 18.Re1 c3 19.Nb3 d3 20.Qc1 Nd5 21.Rd1 Ncb4 22.Qg5 Bc4 23.Nfd4 h6
24.Qh5 Nf6 25.Qh4 Qg4 26.c6 Qxh4 27.gxh4 c2 28.Rdc1 Bxb3 29.Nxb3 Nxa2 30.Rxa2 Rxb3
31.c7 Rb1  0-1

[Event "Warsaw op"]
[Site "Warsaw"]
[Date "1989.??.??"]
[Round "?"]
[White "Romanishin, Oleg M"]
[Black "Pieniazek, Artur"]
[Result "1-0"]
[WhiteElo "2555"]
[BlackElo "2315"]

1.d4 Nf6 2.Nf3 e6 3.c4 b6 4.g3 Ba6 5.Nbd2 c5 6.Bg2 Bb7 7.e4 cxd4 8.e5 Ne4
9.Nxe4 Bxe4 10.Qxd4 Bb4+ 11.Kf1 Bg6 12.h4 Nc6 13.Qf4 h5 14.Bd2 d5 15.cxd5 Bxd2
16.Nxd2 exd5 17.Rc1 Qd7 18.Bh3 Qb7 19.Qa4 b5 20.Qa3 b4 21.Qa4 Bd3+ 22.Kg2 Bb5
23.Qd1 g6 24.Nb3 O-O 25.Re1 d4 26.Kg1 d3 27.Qd2 Rae8 28.e6 fxe6 29.Rxe6 Ne5
30.Bg2 Qf7 31.Rxe8 Bxe8 32.f4 Nc4 33.Qxd3 Nb6 34.Qd4 Qe7 35.Nc5 Bf7 36.Qe5 Re8
37.Qxe7 Rxe7 38.Nd3 Bxa2 39.Nxb4 Bc4 40.Nc6 Re2 41.Ne5 Bf7 42.Rc7 Be8 43.Re7  1-0

[Event "Warsaw op"]
[Site "Warsaw"]
[Date "1989.??.??"]
[Round "?"]
[White "Zlotnik, Boris A"]
[Black "Pieniazek, Artur"]
[Result "1-0"]
[WhiteElo "2420"]
[BlackElo "2315"]

1.d4 Nf6 2.c4 e6 3.Nf3 b6 4.g3 Ba6 5.Nbd2 Bb7 6.Bg2 c5 7.d5 exd5 8.Nh4 Be7
9.cxd5 Bxd5 10.e4 Bc6 11.O-O O-O 12.Nf5 g6 13.Nxe7+ Qxe7 14.Re1 Ne8 15.Nc4 Na6
16.Bh6 Ng7 17.Qd2 Nc7 18.Ne3 d6 19.Rad1 Nb5 20.Nf5 gxf5 21.exf5 Qf6 22.Bxg7 Kxg7
23.Bxc6 Nd4 24.Bxa8 Rxa8 25.Qf4 Rd8 26.g4 h6 27.Rd3 d5 28.Rg3 Kf8 29.Kg2 c4
30.h4 Ne6 31.Qd2 Nc5 32.g5 hxg5 33.hxg5 Qxf5 34.g6 Kg8 35.Re7 Rd7 36.Rxf7  1-0

[Event "Yerevan"]
[Site "Yerevan"]
[Date "1989.??.??"]
[Round "?"]
[White "Dokhoian, Yury"]
[Black "Romanishin, Oleg M"]
[Result "1/2-1/2"]
[WhiteElo "2575"]
[BlackElo "2555"]

1.d4 Nf6 2.c4 e6 3.Nf3 b6 4.g3 Ba6 5.b3 Bb7 6.Bg2 Bb4+ 7.Bd2 c5 8.O-O O-O
9.Bxb4 cxb4 10.Qd3 Be4 11.Qe3 Nc6 12.Nbd2 d5 13.Nxe4 Nxe4 14.Nd2 Nc3 15.Nb1 Nxd4
16.Nxc3 Nc2 17.Qc1 Nxa1 18.Nb5 a6 19.Nd4 Nxb3 20.axb3 Rc8 21.Rd1 Qf6 22.e4 Rfd8
23.Qb1 dxc4 24.Nc6 Rxd1+ 25.Qxd1 e5 26.Nxb4 cxb3 27.Nd5 Qd6 28.Qxb3 Rc1+
29.Bf1 b5 30.Kg2 Qc5 31.Bd3 Qd6 32.Bc2 Qc5 33.Bd3 Qd6 34.Bc2 Qc5  1/2-1/2

[Event "Zenica"]
[Site "Zenica"]
[Date "1989.??.??"]
[Round "9"]
[White "Mascarinas, Rico"]
[Black "Dizdarevic, Emir"]
[Result "1/2-1/2"]
[WhiteElo "2465"]
[BlackElo "2510"]

1.d4 Nf6 2.c4 e6 3.Nf3 b6 4.g3 Ba6 5.Qa4 Bb7 6.Bg2 c5 7.O-O cxd4 8.Nxd4 Bxg2
9.Kxg2 Qc8 10.f3 a6 11.Nc3 Be7 12.Qb3 Nc6 13.Nxc6 Qxc6 14.Be3 O-O 15.Rac1 Rab8
16.Bf4 Rb7 17.Rfd1 d6 18.e4 Rc8 19.Qa4 Qxa4 20.Nxa4 Ne8 21.e5 dxe5 22.Bxe5 f6
23.Bd4 Rc6 24.b3 Ba3 25.Bb2 Bxb2 26.Nxb2 Kf7 27.Nd3 Rd6 28.Kf2 Ke7 29.Ke2 Rbd7
30.Nb2 Nc7 31.Rxd6 Rxd6 32.Nd3 Rc6 33.Ke3 a5 34.f4 Na6 35.a3 Nc5 36.b4 axb4
37.axb4 Nxd3 38.Kxd3 Rd6+ 39.Kc3 e5 40.fxe5 fxe5 41.b5 e4 42.Re1 Rd3+ 43.Kc2 Rd4  1/2-1/2

[Event "JUG-chT"]
[Site "Zlatibor"]
[Date "1989.??.??"]
[Round "?"]
[White "Jukic, Mirko"]
[Black "Rajkovic, Dusan"]
[Result "1/2-1/2"]
[WhiteElo "2440"]
[BlackElo "2465"]

1.d4 Nf6 2.c4 e6 3.Nf3 b6 4.g3 Ba6 5.Qa4 Bb7 6.Bg2 c5 7.O-O Qc8 8.Rd1 Be7
9.dxc5 bxc5 10.Nc3 O-O 11.Bf4  1/2-1/2

[Event "JUG-chT"]
[Site "Zlatibor"]
[Date "1989.??.??"]
[Round "?"]
[White "Ilic, Zoran"]
[Black "Zelic, Zdravko"]
[Result "1/2-1/2"]
[WhiteElo "2380"]
[BlackElo "2395"]

1.d4 Nf6 2.Nf3 e6 3.c4 b6 4.g3 Ba6 5.b3 Bb4+ 6.Bd2 Be7 7.Bg2 c6 8.Bc3 d5
9.Nbd2 Nbd7 10.O-O O-O 11.Re1 Rc8 12.e4 dxe4 13.Nxe4 Nxe4 14.Rxe4 b5 15.c5 Nf6
16.Re1 Nd5 17.Qd2 Bf6 18.b4 Qc7 19.Bb2  1/2-1/2

[Event "Zug"]
[Site "Zug"]
[Date "1989.??.??"]
[Round "?"]
[White "Gallagher, Joseph G"]
[Black "McDonald, Neil R"]
[Result "1/2-1/2"]
[WhiteElo "2445"]
[BlackElo "2360"]

1.Nf3 e6 2.d4 Nf6 3.c4 b6 4.g3 Ba6 5.b3 Bb4+ 6.Bd2 Be7 7.Bg2 d5 8.O-O c6
9.Bc3 Nbd7 10.Nbd2 O-O 11.Re1 Bb7 12.b4 dxc4 13.Nxc4 Nd5 14.Qb3 Nxc3 15.Qxc3 c5
16.bxc5 bxc5 17.Rab1  1/2-1/2

[Event "Adelaide op"]
[Site "Adelaide"]
[Date "1990.??.??"]
[Round "11"]
[White "Johansen, Darryl K"]
[Black "Adianto, Utut"]
[Result "1-0"]
[WhiteElo "2445"]
[BlackElo "2495"]

1.c4 Nf6 2.Nf3 e6 3.d4 b6 4.g3 Ba6 5.Nbd2 Bb4 6.Qb3 c5 7.Bg2 Nc6 8.a3 Bxd2+
9.Bxd2 cxd4 10.Qa4 Qc8 11.b4 Bxc4 12.b5 Ne7 13.Rc1 d5 14.Ne5 O-O 15.Nxc4 dxc4
16.Rxc4 Qe8 17.Bxa8 Qxa8 18.O-O d3 19.exd3 h5 20.Rc7 Ng6 21.Qxa7 Ne5 22.Qxa8 Rxa8
23.Bc3 Nxd3 24.Bxf6 gxf6 25.Ra1 Ra5 26.a4 Nc5 27.Rxc5  1-0

[Event "Altensteig"]
[Site "Altensteig"]
[Date "1990.??.??"]
[Round "4"]
[White "Rajkovic, Dusan"]
[Black "Chernin, Alexander"]
[Result "1/2-1/2"]
[WhiteElo "2485"]
[BlackElo "2600"]

1.d4 Nf6 2.c4 e6 3.Nf3 b6 4.g3 Ba6 5.b3 Bb4+ 6.Bd2 Be7 7.Bg2 c6 8.O-O d5
9.Ne5 Nfd7 10.Nxd7 Qxd7 11.Bc3 dxc4 12.d5 cxd5 13.Bxg7 Rg8 14.Bb2 Nc6 15.Qc2 f5
16.Rd1 Bd6  1/2-1/2

[Event "AUT-chT"]
[Site "Austria"]
[Date "1990.??.??"]
[Round "?"]
[White "Herndl, Harald"]
[Black "Janetschek, Karl"]
[Result "0-1"]
[WhiteElo "2300"]
[BlackElo "2345"]

1.d4 Nf6 2.Nf3 e6 3.c4 b6 4.g3 Ba6 5.Qa4 Bb7 6.Bg2 Be7 7.O-O O-O 8.Nc3 c5
9.Rd1 cxd4 10.Nxd4 Bxg2 11.Kxg2 Qc7 12.Bf4 Qb7+ 13.f3 a6 14.e4 d6 15.Nde2 Ne8
16.Rd2 Nc6 17.Qd1 g5 18.Be3 Ne5 19.b3 b5 20.cxb5 axb5 21.Bd4 Nf6 22.h3 b4
23.Bxe5 dxe5 24.Na4 h5 25.g4 hxg4 26.hxg4 Kg7 27.Ng3 Rh8 28.Qe2 Rh4 29.Rh1 Rah8
30.Qe3 Rxh1 31.Nxh1 Nd7 32.Ng3 Nf8 33.Nh5+ Kg8 34.Nb6 Qc7 35.Nc4 Ng6 36.Qd3 Rxh5  0-1

[Event "Bad Wildbad"]
[Site "Bad Wildbad"]
[Date "1990.??.??"]
[Round "6"]
[White "Gschnitzer, Oswald"]
[Black "Schlosser, Philipp"]
[Result "1/2-1/2"]
[WhiteElo "2440"]
[BlackElo "2455"]

1.d4 Nf6 2.c4 e6 3.Nf3 b6 4.g3 Ba6 5.Nbd2 Bb7 6.Bg2 c5 7.e4 cxd4 8.e5 Ne4
9.Nxe4 Bxe4 10.Qxd4 Bg6 11.O-O Nc6 12.Qf4 Be7 13.b3 O-O 14.Bb2 Qc7 15.Nd4 Rad8
16.Rad1 Nb4 17.Nb5 Qb8 18.Ba3 a5 19.Nd6 Nxa2 20.Rd2 Nb4 21.Bxb4 axb4 22.Nb7 Rc8
23.Rxd7 Rc7 24.Qd2 Rxd7 25.Qxd7 Bc5 26.Re1 Bc2 27.Qa4 h6 28.Qa2 Bg6 29.Qb2 Qc7
30.Ra1 Rb8 31.Nxc5 bxc5 32.Qe2 Rd8 33.Ra8 Rxa8 34.Bxa8 Qa7 35.Bc6 Qa1+ 36.Kg2 Qc3
37.Ba4 Bc2 38.Qe3 Qxe3 39.fxe3 g5 40.Kf3 Kg7 41.Ke2 Kg6 42.Kd2 Be4 43.Be8 Bf3
44.Ke1 Kf5 45.Bxf7 Kxe5 46.Be8 Bg4 47.Kd2 Ke4 48.Bc6+ Kf5 49.Bd7 Bh3 50.Bc8 h5
51.Bd7 h4 52.gxh4 gxh4 53.Bc8 Kg5 54.Bb7 Bf5 55.Bf3 Bg6 56.Bd1 Be4 57.Be2 Bg2
58.Bd1 Kf5 59.Bh5 Ke4 60.Ke2 Ke5 61.Kd2 Kf5 62.Bd1 Be4 63.Be2 Kg5 64.Bd1 Bh7
65.Bf3 Bf5 66.Be2 Bg6 67.Kc1 Bh5 68.Bf1 Kg4 69.Be2+ Kg5 70.Bf1 Kf5 71.Kd2 Ke5
72.Bh3 Bg6 73.Bg2 Bb1 74.Bf3 Kf5 75.Kc1 Be4 76.Be2 Bc6 77.Kd2 Ke4 78.Bg4 Bd7
79.Ke2 Ke5 80.Kd2 Be8  1/2-1/2

[Event "Bad Woerishofen op"]
[Site "Bad Woerishofen"]
[Date "1990.??.??"]
[Round "?"]
[White "Roeder, Mathias"]
[Black "Bischoff, Klaus"]
[Result "0-1"]
[WhiteElo "2450"]
[BlackElo "2505"]

1.d4 Nf6 2.Nf3 e6 3.c4 b6 4.g3 Ba6 5.b3 Bb7 6.Bg2 Bb4+ 7.Bd2 a5 8.O-O O-O
9.a3 Be7 10.Nc3 d5 11.cxd5 exd5 12.Qc2 Na6 13.Rfd1 h6 14.Bf4 Re8 15.Qb2 c6
16.Rac1 Nc7 17.Ne5 Ne6 18.Be3 Bd6 19.f4 Qe7 20.Ra1 Rad8 21.Kh1 c5 22.Nb5 Bb8
23.Bg1 Ne4 24.Rac1 Rc8 25.a4 Red8 26.Qb1 cxd4 27.Qb2 Bxe5 28.fxe5 Nc3 29.Nxc3 dxc3
30.Rxc3 d4 31.Rcd3 Bxg2+ 32.Kxg2 Qb7+ 33.Kf1 Rc5 34.e3 Rxe5 35.Qg2 Qa6 36.Qe2 Rc8
37.R3d2 Qa8 38.Qg2 Rf5+ 39.Rf2 Qa6+ 40.Ke1 Re5 41.Rc2 dxe3  0-1

[Event "Bad Woerishofen op"]
[Site "Bad Woerishofen"]
[Date "1990.??.??"]
[Round "?"]
[White "Hertneck, Gerald"]
[Black "Roeder, Mathias"]
[Result "1-0"]
[WhiteElo "2480"]
[BlackElo "2450"]

1.d4 Nf6 2.Nf3 e6 3.c4 b6 4.g3 Ba6 5.b3 Bb4+ 6.Bd2 Bxd2+ 7.Qxd2 c6 8.Nc3 d5
9.cxd5 cxd5 10.Bg2 O-O 11.O-O Nc6 12.Rfd1 Qd6 13.a3 Na5 14.Qb2 Rac8 15.Ne5 Rc7
16.Rac1 Rfc8 17.e3 Nd7 18.Nxd7 Qxd7 19.Na2 Rxc1 20.Rxc1 Rxc1+ 21.Nxc1 Qc7
22.Bf1 Bxf1 23.Kxf1 g5 24.h3 Qc6 25.Ke1 Kg7 26.Kd1 Qb5 27.Qe2 Qc6 28.Qc2 Qd6
29.Qb2 Qc6 30.Nd3 Qb5 31.Kc2 Qc6+ 32.Qc3 f6 33.a4 Kf7 34.Nb4 Qxc3+ 35.Kxc3 Ke7
36.f4 Kd6 37.Nd3 Nc6 38.b4 a6 39.fxg5 fxg5 40.b5 axb5 41.axb5 Na7 42.Kb4 Ke7
43.Nb2 Kd7 44.Na4 Kc7 45.Nc3 Nc8 46.e4 dxe4 47.Nxe4 h6 48.Nf6 Nd6 49.d5  1-0

[Event "Baden-Baden op"]
[Site "Baden-Baden"]
[Date "1990.??.??"]
[Round "5"]
[White "Farago, Ivan"]
[Black "Dautov, Rustem"]
[Result "1/2-1/2"]
[WhiteElo "2465"]
[BlackElo "2555"]

1.d4 Nf6 2.c4 e6 3.Nf3 b6 4.g3 Ba6 5.b3 Bb4+ 6.Bd2 Be7 7.Bg2 d5 8.cxd5 exd5
9.Nc3 O-O 10.O-O Bb7 11.Qc2 Na6 12.Rfd1 Qc8 13.Bg5 h6 14.Bxf6 Bxf6 15.Ne5 Rd8
16.f4 c5 17.e3 Be7 18.Rac1 Qe6 19.Qf2 Nc7 20.Na4 Na6 21.Nc3 Nc7 22.Na4 Na6  1/2-1/2

[Event "Balassagyarmat"]
[Site "Balassagyarmat"]
[Date "1990.??.??"]
[Round "4"]
[White "Fominyh, Alexander"]
[Black "Roeder, Mathias"]
[Result "1-0"]
[WhiteElo "2525"]
[BlackElo "2450"]

1.d4 Nf6 2.Nf3 e6 3.c4 b6 4.g3 Ba6 5.Qa4 c5 6.Bg2 Bb7 7.dxc5 bxc5 8.O-O Be7
9.Rd1 O-O 10.Nc3 d6 11.Bf4 Qb6 12.Qb5 Qc7 13.Qa4 a6 14.Rd2 Nbd7 15.Rad1 Nb6
16.Qa5 Rac8 17.Rxd6 Nxc4 18.Qxc7 Rxc7 19.Rxe6 fxe6 20.Bxc7 Nd5 21.Nxd5 exd5
22.b3 Na3 23.Ne1 Nb5 24.Be5 Rd8 25.a4 Na7 26.Nc2 Ba8 27.Bc7 Rd7 28.Bb8 Nc8
29.Ne3 Kf8 30.Be5 Bb7 31.Bh3 Rd8 32.Bc7  1-0

[Event "Belgorod"]
[Site "Belgorod"]
[Date "1990.??.??"]
[Round "?"]
[White "Kanstler, Boris"]
[Black "Kiselev, Sergey"]
[Result "1/2-1/2"]
[WhiteElo "2430"]
[BlackElo "2450"]

1.d4 Nf6 2.c4 e6 3.Nf3 b6 4.g3 Ba6 5.Qc2 Bb7 6.Nc3 c5 7.d5 exd5 8.cxd5 Nxd5
9.Qe4+ Qe7 10.Qxd5 Bxd5 11.Nxd5 Qd8 12.Bf4 d6 13.e4 Be7 14.Bb5+ Nd7 15.e5 O-O
16.exd6 Bf6 17.O-O-O a6 18.Bd3 c4 19.Bf5 Nc5 20.Nb4  1/2-1/2

[Event "Bern op"]
[Site "Bern"]
[Date "1990.??.??"]
[Round "5"]
[White "Gauglitz, Gernot"]
[Black "Priedite, Ingrida"]
[Result "1/2-1/2"]
[WhiteElo "2430"]
[BlackElo "2240"]

1.d4 Nf6 2.Nf3 e6 3.c4 b6 4.g3 Ba6 5.Qa4 Bb7 6.Bg2 c5 7.dxc5 bxc5 8.O-O Be7
9.Rd1 O-O 10.Qc2 d6 11.Nc3 Qb6 12.Bf4 Rd8 13.a3 a6 14.b4 cxb4 15.Na4 Qc7
16.axb4 Nbd7 17.Rac1 Be4 18.Qb2 Nb6 19.Nc3 e5 20.Nxe4 exf4 21.Ned2 fxg3 22.hxg3 d5
23.cxd5 Qb8 24.e4 Na4 25.Qa2 Qxb4 26.Rc4 Nc3 27.Qc2 Rac8 28.Rxb4 Ne2+ 29.Kf1 Rxc2
30.Rb7 Nc3 31.Rc7 Ng4 32.Ra1 Bf6 33.d6 Nh2+ 34.Nxh2 Rxd2 35.Re1 R2xd6 36.Ng4 Nb5
37.Nxf6+ gxf6 38.Rc2 Kg7 39.Ra2 Rb8 40.Rea1 Rbb6 41.Kg1 Re6  1/2-1/2

[Event "Bern op"]
[Site "Bern"]
[Date "1990.??.??"]
[Round "6"]
[White "Ilic, Zoran"]
[Black "Gast, Jonathan"]
[Result "1-0"]
[WhiteElo "2375"]
[BlackElo "2280"]

1.d4 Nf6 2.Nf3 e6 3.c4 b6 4.g3 Ba6 5.b3 Bb4+ 6.Bd2 Be7 7.Bg2 d5 8.cxd5 exd5
9.O-O O-O 10.Nc3 c5 11.dxc5 bxc5 12.Ne1 Bb7 13.Rc1 Nbd7 14.Nd3 Nb6 15.Bg5 Qd7
16.Bxf6 gxf6 17.Nf4 Rad8 18.Qc2 f5 19.Bh3 Bg5 20.Bxf5 Qd6 21.e3 Bxf4 22.exf4 h6
23.Nb5 Qf6 24.Nxa7 Ba6 25.Bd3 c4 26.bxc4 Nxc4 27.a4 Rb8 28.Qc3 d4 29.Qe1 Rfe8
30.Qd1 Nb2 31.Qg4+  1-0

[Event "Bern op"]
[Site "Bern"]
[Date "1990.??.??"]
[Round "7"]
[White "Gheorghiu, Florin"]
[Black "Summermatter, Daniel"]
[Result "1-0"]
[WhiteElo "2470"]
[BlackElo "2295"]

1.d4 Nf6 2.c4 e6 3.Nf3 b6 4.g3 Ba6 5.b3 Bb4+ 6.Bd2 Be7 7.Bg2 c6 8.Bc3 d5
9.Ne5 Nfd7 10.Nxd7 Nxd7 11.Nd2 O-O 12.O-O Rc8 13.e4 b5 14.Re1 bxc4 15.bxc4 dxc4
16.Qa4 Bb5 17.Qc2 Qc7 18.a4 Ba6 19.Qa2 e5 20.Nxc4 exd4 21.Bxd4 Nb6 22.Nxb6 axb6
23.Qb2 c5 24.Bxg7 Rfd8 25.Bh8 Bf8 26.Bf6 Rd3 27.Qe2 Qd7 28.Qh5 h6 29.Bh3 Qc6
30.Qg4+ Kh7 31.Qf4 Kg8 32.Bxc8 Bxc8 33.Bb2 c4 34.Qe5 c3 35.Rac1 Bg7 36.Qb5 Qxb5
37.axb5 Bg4 38.Ba3 Bd4 39.Bb4 f6 40.Rc2 Bd1 41.Rxd1 Rxd1+ 42.Kg2 Kf7 43.Bxc3 Bxc3
44.Rxc3 Rb1 45.Rc7+ Kg6 46.f4 Rb2+ 47.Kf3 Rb3+ 48.Kg4 h5+ 49.Kh4 Rb4 50.Re7 Rb2
51.h3  1-0